000 01050nam a22003137a 4500
003 CHAP
005 20220329134203.0
008 971013s1994 r 00010 d
010 _a16680
011 _a17652
035 _a21735
040 _cCHAP
090 _aTesis
100 0 0 _aMora Maldonado, Antonio.
_978154
245 _aEfectos probables de la erupción del volcán Popocatepetl sobre la población y los recursos naturales del estado de Morelos
260 _aChapingo, Méx. :
_bEl autor,
_c1994
300 _a104 h.
502 _aTesis (Ing. Agr. Esp. en Irrigación) -- UACH. Departamento de Irrigación
590 _aALEPH
_b10
_c20130110
_lUCH01
_h1239
590 _aBATCH-UPD
_b10
_c20130110
_lUCH01
_h1634
590 _aCONVERSION
_b10
_c20130109
_lUCH01
_h1310
650 1 4 _aPopocatepetl.
_990894
650 1 4 _aRecursos naturales
_xMorelos.
_995300
650 1 4 _aVolcanes.
_9120637
901 _aBK
942 _cFOLL
949 _bBC
_cTES
_d-50504
_eTS1
_h30308
_i21735
_si
949 _bBC
_cTES
_d-50506
_eTS2
_fc.2
_h30309
_i21735
_si
999 _c16680
_d16680